Controlling a jeho úloha v systéme riadenia rizík v medzinárodnej firme bakalárska práca

Gespeichert in:
Bibliographische Detailangaben
1. Verfasser: Kajlová, Katarína
Körperschaft: Obchodná fakulta EU. Katedra medzinárodného obchodu
Weitere Verfasser: Steinhauser, Dušan, 1988-
Format: Buch
Sprache:Slowakisch
Veröffentlicht: Bratislava 2016
Tags: Tag hinzufügen
Keine Tags, Fügen Sie das erste Tag hinzu!

MARC

LEADER 00000nbm a2200000 4500
001 0218713
005 20170123110908.1
041 0 |a slo 
044 |a SK 
245 1 0 |a Controlling a jeho úloha v systéme riadenia rizík v medzinárodnej firme  |b bakalárska práca  |c Katarína Kajlová ; školiteľ: Dušan Steinhauser 
264 1 |a Bratislava  |c 2016 
300 |a 45 s. 
100 1 |a Kajlová, Katarína 
700 1 |a Steinhauser, Dušan, 1988- 
710 2 |a Obchodná fakulta EU. Katedra medzinárodného obchodu